|
|
|
|
| LEADER |
00707nam a2200157Ia 4500 |
| 001 |
100759 |
| 008 |
170722s9999 xx 000 0 und d |
| 100 |
|
|
|a Simon, Herbert A.
|
| 245 |
|
|
|a Administrative behavior
|b A study of decision making process in administration organi /
|
| 250 |
|
|
|a 2nd ed.
|
| 260 |
|
|
|c 1964.
|
| 942 |
|
|
|c GEN
|
| 999 |
|
|
|c 53893
|d 53893
|
| 952 |
|
|
|0 0
|1 0
|4 0
|6 W_28_J71J712
|7 0
|8 LC1
|9 76642
|a LIB
|b LIB
|d 2017-08-12
|h LC1
|o W:28 J71-J71;2
|p 73657
|r 2017-08-12
|w 2017-08-12
|y GEN
|
| 952 |
|
|
|0 0
|1 0
|4 0
|6 W_28_J71J712
|7 0
|9 76643
|a LIB
|b LIB
|d 2017-08-12
|o W:28 J71-J71;2
|p 99553
|r 2017-08-12
|w 2017-08-12
|y GEN
|
| 952 |
|
|
|0 0
|1 0
|4 0
|6 W_28_J71J712
|7 0
|9 76644
|a LIB
|b LIB
|d 2017-08-12
|o W:28 J71-J71;2
|p 107697
|r 2017-08-12
|w 2017-08-12
|y GEN
|